| 000 | 00630 a2200193 4500 | ||
|---|---|---|---|
| 010 | _aENG-88992 | ||
| 020 |
_c295.00 _a9788189884079 |
||
| 035 | _aEN-72525 | ||
| 037 | _bDBAD / PUB | ||
| 082 | 1 | 4 | _aN |
| 090 |
_c9919 _d9919 |
||
| 100 | _aIralu, Easterine | ||
| 245 | 1 | 0 |
_aA terrible matriarchy : _cby Easterine Iralu _ba novel / |
| 260 |
_aNew Delhi _bZubaan (Kali for Women) _c2007 |
||
| 270 |
_aK-92, Ist Floor, Hauz Khas Enclave, _bNew Delhi _e110 016 |
||
| 300 |
_a314p. _c22 cm (pbk) |
||
| 942 |
_adpl _cEN _kN / IRA |
||
| 999 |
_c9732 _d9732 |
||